Les ministres du Travail de la Ve République - Statistiques

Statistiques générales
  • Ce quiz a été pris 68 fois
  • Le résultat moyen est 13 sur 39
Statistiques - réponses
Intitulé du Ministère Début de fonction Fin de fonction Ministre % Correct
Ministre du Travail, de l'Emploi et de l'Insertion 6 juillet 2020 20 mai 2022 Élisabeth Borne
89%
Ministre du Travail, du Plein emploi et de l'Insertion 20 mai 2022 En cours Olivier Dussopt
70%
Ministre du Travail, de l'Emploi et de la Formation professionnelle 16 mai 1991 30 mars 1993 Martine Aubry
59%
Ministre de l'Emploi et de la Solidarité 4 juin 1997 18 octobre 2000 Martine Aubry
59%
Ministre du Travail, de l'Emploi de la Formation professionnelle et du Dialogue social 2 septembre 2015 15 mai 2017 Myriam El Khomri
59%
Ministre du Travail 17 mai 2017 3 juillet 2020 Muriel Pénicaud
57%
Ministre des Affaires sociales, du Travail et de la Solidarité 7 mai 2002 30 mars 2004 François Fillon
51%
Ministre des Affaires socialeset de l'Emploi 20 mars 1986 12 mai 1988 Philippe Séguin
51%
Ministre du Travail, de l'Emploi, de la Formation professionnelle et du Dialogue social 16 mai 2012 31 mars 2014 Michel Sapin
46%
Ministre du Travail, des Relations sociales et de la Solidarité 18 mai 2007 17 mars 2008 Xavier Bertrand
46%
Ministre du Travail, des Relations sociales, de la Famille et de la Solidarité 18 mars 2008 14 janvier 2009 Xavier Bertrand
46%
Ministre du Travail, de l'Emploi et de la Santé 16 novembre 2010 10 mai 2012 Xavier Bertrand
46%
Ministre de l'Emploi et de la Solidarité 18 octobre 2000 7 mai 2002 Élisabeth Guigou
41%
Ministre du Travail, de l'Emploi et du Dialogue social 2 avril 2014 25 août 2014 François Rebsamen
41%
Ministre du Travail, de l'Emploi de la Formation professionnelle et du Dialogue social 26 août 2014 2 septembre 2015 François Rebsamen
41%
Ministre des Affaires sociales et de la Solidarité nationale 29 juin 1982 19 juillet 1984 Pierre Bérégovoy
41%
Ministre de l'Emploi, du Travail et de la Cohésion sociale 31 mars 2004 31 mai 2005 Jean-Louis Borloo
38%
Ministre de l'Emploi, de la Cohésion sociale et du Logement 2 juin 2005 15 mai 2007 Jean-Louis Borloo
38%
Ministre du Travail et de la Participation 6 avril 1978 29 octobre 1979 Robert Boulin
32%
Ministre du Travail, de l'Emploi et de la Formation professionnelle 19 juillet 1984 20 mars 1986 Michel Delebarre
30%
Ministre des Affaires sociales et de l'Emploi 12 mai 1988 28 juin 1988 Michel Delebarre
30%
Ministre du Travail, des Relations
sociales, de la Famille, de la
Solidarité et de la Ville
23 juin 2009 22 mars 2010 Xavier Darcos
30%
Ministre du Travail, des Relations sociales, de la Famille, de la Solidarité et de la Ville 15 janvier 2009 23 juin 2009 Brice Hortefeux
27%
Ministre du Travail 18 mai 1995 6 novembre 1995 Jacques Barrot
27%
Ministre du Travail et des Affaires sociales 6 novembre 1995 4 juin 1997 Jacques Barrot
27%
Ministre du Travail, de la Solidarité et de la Fonction publique 22 mars 2010 13 novembre 2010 Éric Woerth
22%
Ministre du Travail, de l'Emploi et de la Formation professionnelle 28 juin 1988 16 mai 1991 Jean-Pierre Soisson
22%
Ministre du Travail, de l'Emploi et de la Population 22 juin 1969 6 juillet 1972 Joseph Fontanet
19%
Ministre du Travail, de l'Emploi et de la Formation professionnelle 30 mars 1993 18 mai 1995 Michel Giraud
19%
Ministre d’État, Ministre des Affaires sociales 6 juillet 1972 2 avril 1973 Edgar Faure
16%
Ministre du Travail 22 mai 1981 29 juin 1982 Jean Auroux
16%
Ministre du Travail 28 mai 1974 27 août 1976 Michel Durafour
16%
Ministre du Travail 8 janvier 1959 16 mai 1962 Paul Bacon
16%
Ministre du Travail 16 mai 1962 8 janvier 1966 Gilbert Grandval
14%
Ministre du Travail et de la Participation 8 novembre 1979 22 mai 1981 Jean Mattéoli
14%
Ministre d’État, Ministre des Affaires sociales 31 mai 1968 20 juin 1969 Maurice Schumann
14%
Ministre du Travail 27 août 1976 6 avril 1978 Christian Beullac
11%
Ministre des Affaires sociales 8 janvier 1966 31 mai 1968 Jean-Marcel Jeanneney
11%
Ministre du Travail, de l'Emploi et de la Population 5 avril 1973 28 mai 1974 Georges Gorse
5%
Aucun quiz correspondant
Distribution des résultats
% des personnes avec chaque résultat
Percentile par nombre de réponses
Votre historique - résultats
Vous n’avez pas pris ce quiz